Nové smery potravinovej politiky diplomová práca

Salvato in:
Dettagli Bibliografici
Autore principale: Petruchová, Linda
Ente Autore: Obchodná fakulta EU. Katedra tovaroznalectva a kvality tovaru
Altri autori: Lacková, Alica
Natura: Libro
Lingua:slovacco
Pubblicazione: Bratislava 2014
Tags: Aggiungi Tag
Nessun Tag, puoi essere il primo ad aggiungerne!!

MARC

LEADER 00000nbm a2200000 4500
001 0186160
005 20170201095152.8
041 0 |a slo 
044 |a SK 
245 1 0 |a Nové smery potravinovej politiky  |b diplomová práca  |c Linda Petruchová ; školiteľ: Alica Lacková 
264 1 |a Bratislava  |c 2014 
300 |a 64 s. 
100 1 |a Petruchová, Linda 
700 1 |a Lacková, Alica 
710 2 |a Obchodná fakulta EU. Katedra tovaroznalectva a kvality tovaru